| 000 | 00537nam a2200181Ia 4500 | ||
|---|---|---|---|
| 005 | 20250508152624.0 | ||
| 008 | 008 250505s9999 xx 000 0 eng d | ||
| 037 | _aTextual | ||
| 040 |
_aFEDL _beng _cFEDL |
||
| 041 |
_aeng _2eng |
||
| 084 |
_a507, BUR _qFEDL |
||
| 100 |
_aBurnett Will _9762002 |
||
| 245 | 0 | _aResourceful teaching of new world of science: A teacher's manual and test book | |
| 300 | _a112p. | ||
| 700 |
_a Jaffe Bernard Zim Herbert S _9762003 |
||
| 942 |
_cTEXL _h507, BUR |
||
| 999 |
_c1337661 _d1337661 |
||